Being and caring : a psychology for living /

Uloženo v:
Podrobná bibliografie
Hlavní autor: Daniels, Victor
Médium: Kniha
Jazyk:angličtina
Vydáno: Palo Alto : Mayfield, c1984.
Vydání:2nd ed.
Témata:
Tagy: Přidat tag
Žádné tagy, Buďte první, kdo vytvoří štítek k tomuto záznamu!

MARC

LEADER 00000cam a22000002a 4500
001 0000003101
003 DAYSTAR
005 20171002023446.0
008 030703s1984 xx 001 0 eng d
020 |a 0874845440 
040 |a Daystar  |d BNjogu 
050 0 0 |a BF697  |b .D365 
100 1 |a Daniels, Victor. 
245 1 0 |a Being and caring :  |b a psychology for living /  |c Victor Daniels. 
250 |a 2nd ed. 
260 |a Palo Alto :  |b Mayfield,  |c c1984. 
300 |a 371 p. 
650 0 |a Personality. 
650 0 |a Psychology. 
650 0 |a Self. 
908 |a 060412 
942 |c G 
952 |0 4  |1 0  |4 0  |6 BF0697 D365 01984  |7 0  |9 73342  |a DUN  |b DUN  |c STORE  |d 2017-09-28  |l 0  |o BF697.D365 1984  |p BK024526  |r 2017-09-28 00:00:00  |w 2017-09-28  |x 54830  |y G 
989 |a 1481627877 
999 |c 37657  |d 37657